На сторожі рідного слова : До 80 - річчя Сергія Дорошенка (Запис № 295060)

МАРК-запис
000 -Лідер
fixed length control field 00569nam a22001817a 4500
003 - Ідентифікатор контрольного номера
control field UA-OsUOA
001 - Контрольний номер
control field 8899
007 - Фіксоване поле фізичного опису
fixed length control field ta
008 - Елементи даних фіксованої довжини – загальна інформація
fixed length control field 20041005b un ||||| |||| 00| 0 ukr d
040 ## - Джерело каталогізації
Агенція оригінальної каталогізації UA-OsUOA
Агенція, яка здійснювала перезапис UA-OsUOA
Агенція, яка здійснювала модифікацію UA-OsUOA
100 ## - Основне введення – ім’я особи
Ім’я особи (НП) Лисиченко Л.
245 ## - Відомості про назву
Назва (НП) На сторожі рідного слова : До 80 - річчя Сергія Дорошенка
Решта назви (НП) До 80 - річчя Сергія Дорошенка
300 ## - Фізичний опис
Обсяг С.64-65
650 #7 - Додаткове предметне введення – тематичний термін
Тематичний термін чи географічна назва, як елемент введення (НП) Дорошенко С.
Джерело заголовка чи терміна UDC
773 0# - Введення хост-одиниці (П)
Контрольний номер запису (П) 0
Назва (НП) ДИВОСЛОВО
Місце, видавець та дата видання (НП) 2004
-- N9
942 ## - Додаткові елементи входу (Коха)
Тип елемента Koha Стаття періодики
955 ## - Код типу видання за змістом
Код типу видання за змістом (НП) інше

Немає доступних примірників.